| 000 | 01454cam a2200349 a 4500 | ||
|---|---|---|---|
| 001 | EDZ0000018968 | ||
| 003 | StDuBDS | ||
| 005 | 20161031105121.0 | ||
| 006 | m||||||||d|||||||| | ||
| 007 | cr ||||||||||| | ||
| 008 | 110107s2005 caua fo 001|0|eng|d | ||
| 020 |
_a9781412952538 (ebook) : _cNo price |
||
| 040 |
_aStDuBDS _beng _cStDuBDS _epn |
||
| 049 | _aAlfaisal Main Library | ||
| 050 | 4 | _aE185 | |
| 082 | 0 | 4 |
_a973.0496073003 _222 |
| 245 | 0 | 0 |
_aEncyclopedia of Black studies _h[electronic resource]. / _ceditors, Molefi Kete Asante, Ama Mazama. |
| 260 |
_aThousand Oaks, Calif. ; _aLondon : _bSAGE, _cc2005. |
||
| 300 |
_a1 online resource (xxxii, 531 p.) : _bill. |
||
| 520 | 8 | _aThis volume, containing over 240 signed articles, is an analysis of sociological, historical, literary and philosophical issues related to Americans of African descent. A reader's guide facilitates browsing by topic and easy access to information. | |
| 521 | _aSpecialized. | ||
| 588 | _aDescription based on print version record. | ||
| 504 | _aIncludes bibliographical references and index. | ||
| 650 | 0 |
_aAfrican Americans _vEncyclopedias. |
|
| 655 | 7 |
_aElectronic books. _2local |
|
| 700 | 1 |
_aAsante, Molefi Kete, _d1942- |
|
| 700 | 1 |
_aMazama, Ama, _d1961- |
|
| 710 | 2 | _aSage eBooks | |
| 776 | 0 | 8 |
_iPrint version : _z9780761927624 |
| 856 | 4 | 0 | _uhttp://ezproxy.alfaisal.edu/login?url=http://sk.sagepub.com/reference/blackstudies |
| 942 |
_2lcc _cEBOOKS |
||
| 999 |
_c479645 _d479645 |
||